Have a Bird - Statistics

General Stats
  • This quiz has been taken 12 times
  • The average score is 7 of 20
Answer Stats
Hint Answer % Correct
Clock cheeper Cuckoo
83%
Construction hoist Crane
67%
Racist moniker Crow
67%
Gulliver author Swift
67%
Sell wares Hawk
58%
Pooh pal Robin
50%
Chinese gooseberry Kiwi
42%
Dive type Swan
42%
Church builder Wren
42%
On the lame Duck
33%
First SC CJ Jay
33%
Carefree adventure Lark
33%
Crazy one Loon
25%
Bird of "pray" Cardinal
17%
Network anchor Finch
17%
True Grit marshal Rooster
17%
Dais decoration Bunting
8%
Old fogie Coot
8%
Complain Grouse
8%
U.N.C.L.E. opposite Thrush
8%
No matching quizzes found
Score Distribution
Percent of People with Each Score
Percentile by Number Answered
Your Score History
You have not taken this quiz